000
00325nam a2200133Ia 4500
008
150201s2009 xx 000 0 und d
082
_a
611
_b
A09N
100
_a
N,KUMAR
245
_a
ANATOMY,PHYSIOLOGY AND HEALTH EDUCATION
250
_a
1ST
260
_b
AITBS
_a
DELHI
_c
2009
650
_a
HUMAN PHYSIOLOGY
942
_2
ddc
_c
BK
_0
3
999
_c
617
_d
617